| 000 | 01308cam a22002771ia4500 | ||
|---|---|---|---|
| 003 | SA-RiAUC | ||
| 005 | 20241027132806.0 | ||
| 008 | 241025s1981 xx g 00010dara c | ||
| 040 |
_aSA-JeALM _bara _cSA-RiAUC _erda |
||
| 082 | 0 | 4 |
_a258.4 _qSA-RiAUC |
| 090 |
_a258.4 _bخ ل ي |
||
| 100 | 1 |
_aالخليفي، عبد الله بن محمد بن عبد الله، _d1348-1414 هجري _eمؤلف. |
|
| 245 | 1 | 0 |
_aكتاب إرشاد المسترشد إلى المقدم في مذهب أحمد / _cتأليف عبد الله بن محمد الخليفي ؛ راجعه وصححه محمد زهري النجار. |
| 246 | 3 | 0 | _aإرشاد المسترشد إلى المقدم في مذهب أحمد |
| 264 | 1 |
_aجدة : _bدار الاصفهاني للطباعة _c1981 |
|
| 300 |
_a2 مجلد (542 صفحة) ؛ _c24 سم |
||
| 336 |
_aنص _btxt _2rdacontent _3كتاب |
||
| 337 |
_aبدون وسيط _bn _2rdamedia |
||
| 338 |
_aمجلد _bnc _2rdacarrier |
||
| 600 | 1 | 7 |
_aالإمام ابن حنبل، أحمد محمد بن حنبل، _d164-241 هجري _2aucnm |
| 650 | 7 |
_aالفقه الحنبلي _2aucsh |
|
| 650 | 7 |
_aالفقه الإسلامي _xمذاهب _2aucsh |
|
| 700 | 1 |
_aالنجار، محمد زهري _eمراجع. |
|
| 942 |
_2ddc _cBOOK _n0 |
||
| 949 |
_aSA-JeALM _d241025 _umohamedma123 _n1 |
||
| 999 |
_c1758 _d1758 |
||